Complexities, security measures and laws of information technology (Record no. 71485)

000 -LEADER
fixed length control field 00522nam a22001697a 4500
003 - CONTROL NUMBER IDENTIFIER
control field NUST - PNEC
005 - DATE AND TIME OF LATEST TRANSACTION
control field 20170116181201.0
008 - FIXED-LENGTH DATA ELEMENTS--GENERAL INFORMATION
fixed length control field 160217b xxu||||| |||| 00| 0 eng d
020 ## - INTERNATIONAL STANDARD BOOK NUMBER
International Standard Book Number -
040 ## - CATALOGING SOURCE
Transcribing agency LIBRARY
082 ## - DEWEY DECIMAL CLASSIFICATION NUMBER
Classification number 004 BAB
100 ## - MAIN ENTRY--PERSONAL NAME
9 (RLIN) 16455
Personal name Babar, Afzal Khan
245 ## - TITLE STATEMENT
Title Complexities, security measures and laws of information technology
Statement of responsibility, etc. Lt Cdr Sher Afzal Khan Babar PN
260 ## - PUBLICATION, DISTRIBUTION, ETC.
Place of publication, distribution, etc. Rawalpindi:
Name of publisher, distributor, etc. Khan Rizwan Printing Press;
Date of publication, distribution, etc. 2010
650 ## - SUBJECT ADDED ENTRY--TOPICAL TERM
9 (RLIN) 16457
Topical term or geographic name entry element Information Technology
General subdivision MIS
942 ## - ADDED ENTRY ELEMENTS (KOHA)
Source of classification or shelving scheme
Koha item type Book
Holdings
Withdrawn status Lost status Source of classification or shelving scheme Materials specified (bound volume or other part) Damaged status Not for loan Permanent Location Current Location Shelving location Date acquired Total Checkouts Full call number Barcode Date last seen Price effective from Koha item type
      paperback     Pakistan Navy Engineering College (PNEC) Pakistan Navy Engineering College (PNEC)       004 BAB PNECLIB-032203 02/17/2016   Book
© 2023 Central Library, National University of Sciences and Technology. All Rights Reserved.